Focus (Record no. 79256)

MARC details
000 -LEADER
fixed length control field 00905cab a22002655a 4500
001 - CONTROL NUMBER
control field L140367
008 - FIXED-LENGTH DATA ELEMENTS--GENERAL INFORMATION
fixed length control field 070919e20070915xxka f 000 0 eng d
035 ## - SYSTEM CONTROL NUMBER
System control number (Sirsi) u140367
041 0# - LANGUAGE CODE
Language code of text/sound track or separate title eng
100 1# - MAIN ENTRY--PERSONAL NAME
Personal name Elghamry, Nadia
245 00 - TITLE STATEMENT
Title Focus
Remainder of title Yorkshire special
260 ## - PUBLICATION, DISTRIBUTION, ETC.
Date of publication, distribution, etc. 2007
490 #0 - SERIES STATEMENT
Series statement Estates Gazette
Volume/sequential designation 0737 15 September 2007, 183-223(18)
520 ## - SUMMARY, ETC.
Summary, etc. Reports on: office development and property market in Leeds; profile of Creative Sheffield; mixed use development scheme in Rotherham; Waterfront Quarter development in Huddersfieldregeneration project in Hull.
590 ## - LOCAL NOTE (RLIN)
Local note ka
651 #4 - SUBJECT ADDED ENTRY--GEOGRAPHIC NAME
Geographic name England
Chronological subdivision 886-
690 ## - LOCAL SUBJECT ADDED ENTRY--TOPICAL TERM (OCLC, RLIN)
Topical term or geographic name as entry element PROPERTY-COMMERCIAL PROPERTY-COMMERCIAL PROPERTY DEVELOPMENT
700 1# - ADDED ENTRY--PERSONAL NAME
Personal name Morrison, Adrian
700 1# - ADDED ENTRY--PERSONAL NAME
Personal name Quinn, David
700 1# - ADDED ENTRY--PERSONAL NAME
Personal name Neale, Jon
700 1# - ADDED ENTRY--PERSONAL NAME
Personal name Pilkington, Lisa
700 1# - ADDED ENTRY--PERSONAL NAME
Personal name Clarkson, Melanie
700 1# - ADDED ENTRY--PERSONAL NAME
Personal name Cunningham, Daniel
942 ## - ADDED ENTRY ELEMENTS (KOHA)
Suppress in OPAC 0
Holdings
Withdrawn status Lost status Source of classification or shelving scheme Damaged status Not for loan Home library Current library Shelving location Date acquired Total Checkouts Full call number Barcode Date last seen Price effective from Koha item type
    Dewey Decimal Classification     London London Journal article 19/09/2007   L140367 140367-1001 06/08/2019 06/08/2019 Journal